Človek, práca, ekonomika súčasnosť a perspektívy

Bibliographic Details
Main Author: Vrtiak, Vladimír, 1950-2016 (Author)
Format: Book
Language:Slovak
PhysicalDescription:257 strán grafy, schémy, tabuľky 21 cm
Published: Bratislava Práca 1988
Edition:1. vyd.
Series:Knižnica racionalizácie a riadenia
Subjects:

MARC

LEADER 00000cam a2200000 a 4500
001 vtls001079982
003 SK-MaSNL
005 20260301055902.0
008 240226s1988 xo dl grnf 000 0 slo
015 |a SNBA1988 
020 |q (viazané) 
035 |a SNK000022819 
035 |a 44D501E6-D9F9-41AA-8507-491869FF4FF2 
035 |a urn:nbn:sk:snk-am00ihmi 
040 |a SNK  |b slo  |c SNK  |e AACR2 
041 0 |a slo 
044 |a xo  |c SK 
072 7 |a 331  |x Práca  |2 konspekt 
072 7 |a 33  |x Ekonómia  |2 konspekt 
080 |a 331  |2 2011 
080 |a 331.522.4  |2 2011 
080 |a 331.103  |2 2011 
080 |a 331.526  |2 2011 
080 |a 33  |2 2011 
080 |a 331.2  |2 2011 
080 |a (035)  |2 2011 
080 |a 599.89  |2 2011 
080 |a 331.101.26  |2 2001 
080 |a 331.101.3  |2 2011 
080 |a 331.5.024.5  |2 2011 
100 1 |a Vrtiak, Vladimír,  |d 1950-2016  |4 aut  |9 20742 
245 1 0 |a Človek, práca, ekonomika  |b súčasnosť a perspektívy  |c Vladimír Vrtiak a kolektív 
250 |a 1. vyd. 
260 |a Bratislava  |b Práca  |c 1988 
300 |a 257 strán  |b grafy, schémy, tabuľky  |c 21 cm 
366 |e 3000 kusov 
490 1 |a Knižnica racionalizácie a riadenia  |v zv. 5/88  |a Knižnica racionalizácie a riadenia  |v zv. 71 
500 |a Rozložený titulný list. Poznámky pod čiarou 
504 |a Bibliografia na strane 253-257. Obsahuje bibliografické odkazy 
650 0 7 |a práca  |2 SNKPH  |9 2337 
650 0 7 |a ekonomika  |2 SNKPH  |9 789 
650 0 7 |a ekonomické perpektívy  |2 SNKPH  |9 370226 
650 0 7 |a pracovná sila  |2 SNKPH  |9 2342 
650 0 7 |a organizácia práce  |2 SNKPH  |9 2330 
650 0 7 |a zamestnanosť  |2 SNKPH  |9 2209 
650 0 7 |a odmeňovanie  |2 SNKPH  |9 2329 
650 0 7 |a človek  |2 SNKPH  |9 16150 
650 0 7 |a ekonomika práce  |2 SNKPH  |9 49958 
650 0 7 |a psychológia práce  |2 SNKPH  |9 2347 
650 0 7 |a politika zamestnanosti  |2 SNKPH  |9 2332 
650 0 7 |a perspektívy  |2 SNKPH  |9 290252 
650 0 7 |a ekonomické problémy  |2 SNKPH  |9 370227 
655 7 |a príručky  |2 SNKPH  |9 74364 
830 0 |a Knižnica racionalizácie a riadenia  |9 302460 
852 |a Slovenská národná knižnica 
954 |a odborná, vedecká literatúra pôvodná (slovenská)  |2 lita 
958 |a RK 
958 |a TL 
958 |a NB 
958 |a OND 
958 |a SP 
958 |a EUIPO 
999 |c 614355  |d 616285 
952 |t P60, <04>, [BOOK], {604}  |a SNK  |b SNK  |y VYP  |7 0  |p 17A0097637  |o snkSC 73586 D1  |0 0  |1 0  |4 0  |d 1997-09-26  |l 0  |r 2004-12-31 00:00:00  |w 2026-02-23 
952 |a SNK  |b SNK  |y PREZ  |7 0  |p 17A0930473  |o snkSC 73586  |i snkKSP 301/89  |0 0  |1 0  |4 0  |d 2012-09-25  |f 1  |l 0  |r 2025-07-29 00:00:00  |w 2026-02-23